<?xml version="1.0" encoding="UTF-8"?><?xml-stylesheet type="text/xsl" href="static/style.xsl"?><OAI-PMH xmlns="http://www.openarchives.org/OAI/2.0/" xmlns:xsi="http://www.w3.org/2001/XMLSchema-instance" xsi:schemaLocation="http://www.openarchives.org/OAI/2.0/ http://www.openarchives.org/OAI/2.0/OAI-PMH.xsd"><responseDate>2026-04-28T19:35:59Z</responseDate><request verb="GetRecord" identifier="oai:uvadoc.uva.es:10324/3108" metadataPrefix="marc">https://uvadoc.uva.es/oai/request</request><GetRecord><record><header><identifier>oai:uvadoc.uva.es:10324/3108</identifier><datestamp>2021-06-23T11:31:19Z</datestamp><setSpec>com_10324_1175</setSpec><setSpec>com_10324_931</setSpec><setSpec>com_10324_894</setSpec><setSpec>col_10324_1355</setSpec></header><metadata><record xmlns="http://www.loc.gov/MARC21/slim" xmlns:doc="http://www.lyncode.com/xoai" xmlns:xsi="http://www.w3.org/2001/XMLSchema-instance" xmlns:dcterms="http://purl.org/dc/terms/" xsi:schemaLocation="http://www.loc.gov/MARC21/slim http://www.loc.gov/standards/marcxml/schema/MARC21slim.xsd">
<leader>00925njm 22002777a 4500</leader>
<datafield tag="042" ind1=" " ind2=" ">
<subfield code="a">dc</subfield>
</datafield>
<datafield tag="720" ind1=" " ind2=" ">
<subfield code="a">Schindler, Carolina María</subfield>
<subfield code="e">author</subfield>
</datafield>
<datafield tag="720" ind1=" " ind2=" ">
<subfield code="a">Martín Jiménez, Alfonso</subfield>
<subfield code="e">author</subfield>
</datafield>
<datafield tag="260" ind1=" " ind2=" ">
<subfield code="c">2006</subfield>
</datafield>
<datafield tag="520" ind1=" " ind2=" ">
<subfield code="a">En este artículo se muestra que Cervantes escribió su novela ejemplar titulada 'El licenciado Vidriera' después de conocer el manuscrito del 'Quijote' de Avellaneda. El propio título de la obra cervantina hace referencia al grado de licenciado que se adjudicó Alonso Fernández de Avellaneda, pseudónimo con el que firmó su obra el autor del 'Quijote' apócrifo. En el artículo se evidencia que existen claros paralelismos entre el relato cervantino y la 'Vida y trabajos' de Jerónimo de Pasamonte, por un lado, y el 'Quijote' de Avellaneda, por otro, de manera que Cervantes quiso dar una respuesta conjunta a ambas obras y sugerir que pertenecían al mismo autor.</subfield>
</datafield>
<datafield tag="024" ind2=" " ind1="8">
<subfield code="a">Hipertexto, invierno 2006, 3, p. 101-122</subfield>
</datafield>
<datafield tag="024" ind2=" " ind1="8">
<subfield code="a">1553-3018</subfield>
</datafield>
<datafield tag="024" ind2=" " ind1="8">
<subfield code="a">http://uvadoc.uva.es/handle/10324/3108</subfield>
</datafield>
<datafield tag="024" ind2=" " ind1="8">
<subfield code="a">101</subfield>
</datafield>
<datafield tag="024" ind2=" " ind1="8">
<subfield code="a">3</subfield>
</datafield>
<datafield tag="024" ind2=" " ind1="8">
<subfield code="a">102</subfield>
</datafield>
<datafield tag="024" ind2=" " ind1="8">
<subfield code="a">Hipertexto</subfield>
</datafield>
<datafield ind1=" " ind2=" " tag="653">
<subfield code="a">El licenciado Vidriera</subfield>
</datafield>
<datafield ind1=" " ind2=" " tag="653">
<subfield code="a">Avellaneda</subfield>
</datafield>
<datafield ind1=" " ind2=" " tag="653">
<subfield code="a">Cervantes</subfield>
</datafield>
<datafield ind1=" " ind2=" " tag="653">
<subfield code="a">Pasamonte</subfield>
</datafield>
<datafield tag="245" ind1="0" ind2="0">
<subfield code="a">El licenciado Avellaneda y 'El licenciado Vidriera'</subfield>
</datafield>
</record></metadata></record></GetRecord></OAI-PMH>